Statistics for Guess the Taylor Swift song no hints #36

Click here to take the quiz!

General Stats

  • This quiz has been taken 57 times
  • The average score is 202 of 254

Answer Stats

Answer% Correct
a
100%
I
100%
You
98%
you
98%
your
96%
in
93%
the
93%
be
91%
it
91%
It
91%
me
91%
I'm
89%
love
89%
my
89%
if
87%
no
87%
was
87%
Was
87%
what
87%
how
85%
of
85%
to
85%
am
80%
can't
80%
just
80%
Just
80%
like
80%
oh
80%
Oh
80%
back
78%
I'll
78%
know
78%
Never
78%
that
78%
this
78%
up
78%
down
76%
falling
76%
now
76%
right
76%
would
76%
going
74%
much
74%
thought
74%
out
72%
again
70%
around
70%
How'd
70%
last
70%
only
70%
over
70%
plane
70%
time
70%
turn
70%
labyrinth
67%
life
67%
bounce
65%
hurts
65%
make
65%
mind
65%
thinking
65%
through
65%
whole
65%
Breathe
61%
breathe
61%
deep
61%
everybody
61%
expects
61%
feels
61%
getting
61%
hate
61%
break
59%
Break
59%
Lost
59%
scared
59%
elevators
57%
Uh
57%
free
54%
smile
54%
rises
50%
fast
48%
trust
48%
raw
41%

Score Distribution

Percentile by Number Answered

Percent of People with Each Score

Your Score History

You have not taken this quiz